Central Library OPAC University of Rajshahi

সমাজবিজ্ঞানে পরিসংখ্যান পদ্ধতি / (Record no. 37799)

MARC details
000 -LEADER
fixed length control field 00966nam a2200241 a 4500
001 - CONTROL NUMBER
control field 37799
003 - CONTROL NUMBER IDENTIFIER
rucl marc code BD-RjUL
005 - DATE AND TIME OF LATEST TRANSACTION
control field 20211209052646.0
008 - FIXED-LENGTH DATA ELEMENTS--GENERAL INFORMATION
fixed length control field 160716s1978 bg ||||| |||| 00| 0 ben d
035 ## - SYSTEM CONTROL NUMBER
System control number (BD-RjUL)37904
040 ## - CATALOGING SOURCE
Original cataloging agency BD-RjUL
Language of cataloging ben
Transcribing agency BD-RjUL
041 ## - LANGUAGE CODE
Language code of text/sound track or separate title ben
082 ## - DEWEY DECIMAL CLASSIFICATION NUMBER
Edition number 23
Classification number 301.0727
Author mark and year NAS 1978
100 ## - MAIN ENTRY--PERSONAL NAME
Personal name নকী, সৈয়দ আলী
9 (RLIN) 117076
245 10 - TITLE STATEMENT
Title সমাজবিজ্ঞানে পরিসংখ্যান পদ্ধতি /
Statement of responsibility, etc. সৈয়দ আলী নকী
250 ## - EDITION STATEMENT
Edition statement ২য় সং.
260 ## - PUBLICATION, DISTRIBUTION, ETC. (IMPRINT)
Place of publication, distribution, etc. ঢাকা :
Name of publisher, distributor, etc. বাংলা একাডেমী,
Date of publication, distribution, etc. ১৯৭৮.
300 ## - PHYSICAL DESCRIPTION
Pagination ১৪, ৪৪২ পৃ. :
Illustrations চিত্র ;
Size ২২ সেমি.
500 ## - GENERAL NOTE
General note নির্ঘন্ট সংযুক্ত
650 ## - SUBJECT ADDED ENTRY--TOPICAL TERM
Topical term or geographic name as entry element সমাজবিজ্ঞান
Form subdivision পরিসংখ্যান পদ্ধতি
9 (RLIN) 117077
Topical term or geographic name as entry element Sociology
Form subdivision Statistical methods
9 (RLIN) 117078
942 ## - ADDED ENTRY ELEMENTS (KOHA)
Source of classification or shelving scheme Dewey Decimal Classification
Koha item type Books
Holdings
Lost status Source of classification or shelving scheme Damaged status Not for loan Collection code Permanent Location Current Location Shelving location Date acquired Source of acquisition Cost, normal purchase price Total Checkouts Full call number Date last seen Date checked out Copy number Koha item type
  Dewey Decimal Classification     Non-fiction Central Library, University of Rajshahi Central Library, University of Rajshahi   18/06/1982 Aligorh Library, Rajshahi 32.00 3 B 301.0727 NAS 1978 24/11/2025 12/11/2025 C-2 Books
  Dewey Decimal Classification     Non-fiction Central Library, University of Rajshahi Central Library, University of Rajshahi   28/07/1983 Aligorh Library, Rajshahi 32.00 1 B 301.0727 NAS 1978 15/12/2016 17/11/2016 C-3 Books
  Dewey Decimal Classification   Not For Loan Non-fiction Central Library, University of Rajshahi Central Library, University of Rajshahi Reading Room 18/06/1982 Aligorh Library, Rajshahi 32.00   B 301.0727 NAS 1978 23/11/2015   C-1 Books